Oxford Advanced learner’s dictionary of current english / Albert Sydney Hornby ; Sally Wehmeier, editor
Bewaard in:
| Hoofdauteur: | |
|---|---|
| Formaat: | Boek |
| Taal: | Undetermined |
| Gepubliceerd in: |
New York, Estados Unidos
Oxford University Press
2005
|
| Editie: | 7 |
| Onderwerpen: | |
| Tags: |
Voeg label toe
Geen labels, Wees de eerste die dit record labelt!
|
MARC
| LEADER | 00000nam a2200000Ia 4500 | ||
|---|---|---|---|
| 008 | 170316s9999 xx 000 0 und d | ||
| 040 | |a cru BVZT | ||
| 090 | |a R-413 H-1-o ING-ING | ||
| 100 | |a Hornby, Albert Sydney | ||
| 245 | |a Oxford Advanced learner’s dictionary of current english / Albert Sydney Hornby ; Sally Wehmeier, editor | ||
| 250 | |a 7 | ||
| 260 | |a New York, Estados Unidos | ||
| 260 | |b Oxford University Press | ||
| 260 | |c 2005 | ||
| 300 | |a 1780 páginas | ||
| 650 | |a REFERENCIA | ||
| 650 | |a DICCIONARIO INGLÉS-INGLÉS | ||
| 650 | |a ABREVIACIONES | ||
| 650 | |a SÍMBOLOS | ||
| 650 | |a ETIQUETAS EMPLEADAS | ||
| 650 | |a PATRONES VERBALES | ||
| 650 | |a ENTRADAS DE DICCIONARIO | ||
| 650 | |a PALABRA PRINCIPAL | ||
| 650 | |a PALABRAS COMPUESTAS | ||
| 650 | |a SUSTANTIVOS | ||
| 650 | |a VERBOS | ||
| 650 | |a ADJETIVOS Y ADVERBIOS | ||
| 650 | |a PRONUNCIACIÓN | ||
| 650 | |a PRONUNCIACIÓN-VARIANTES | ||
| 650 | |a VERBOS IRREGULARES | ||
| 650 | |a SINONIMOS | ||
| 650 | |a ANTONIMOS | ||
| 650 | |a VERBOS REGULARES | ||
| 650 | |a USO DE LOS TIEMPOS | ||
| 650 | |a PASADO | ||
| 650 | |a TIEMPO CONDICIONAL | ||
| 650 | |a VERBOS MODALES |a 22. VERBOS MODALES | ||
| 650 | |a DISCURSO INDIRECTO | ||
| 650 | |a FRASES VERBALES |a 24. FRASES VERBALES | ||
| 650 | |a ARTÍCULOS |a 25. ARTÍCULOS | ||
| 650 | |a PRONOMBRES |a 26. PRONOMBRES | ||
| 650 | |a ORACIÓN RELATIVO |a a27. ORACIÓN RELATIVO | ||
| 650 | |a ORACIÓN SUBORDINADA |a b28. ORACIÓN SUBORDINADA | ||
| 650 | |a COLOCACIÓN-UNIDAD FRASEOLÓGICA |a c29. COLOCACIÓN-UNIDAD FRASEOLÓGICA | ||
| 650 | |a MODISMOS |a d30. MODISMOS | ||
| 942 | |c REF |0 2 | ||
| 999 | |c 15047 |d 15047 | ||
